Регионална библиотека "Любен Каравелов" - Русе

Абсолютното доказателство (Запис номер 493570)

MARC детайли
000 -Лидер
Контролно поле с фиксирана дължина 01007nam a2200277 c 4500
003 - Код на организацията, давaща контролен номер
Контролно поле BLK
005 - Дата и час на последна редакция
Контролно поле 20230808100732.0
008 - Елементи от данни с фиксирана дължина
fixed length control field 180410b bul|||||r ||||||| ||bul||
020 ## - Международен стандартен номер на книга ISBN
Международен стандартен номер на книга ISBN 9786197502077
040 ## - Източник на каталожния запис
Идентификатор на билиотеката - собственик на записа BLK
041 ## - Код за език
Код за езика на текст/звукозапис или на отделно заглавие Български
Код за езика КДБФ Български
080 ## - УДК
Текстов определител УДК Английска литература
УДК код - определител по УДК 821.111
УДК определител -312.4
УДК - код + определител 821.111-312.4
100 1# - Редна дума - Автор
Автор Джеймс, Питър
Авторска отговорност първи автор
R(LIN) 369931
139 ## - Редно поле
Редна дума Джеймс, Питър
Авторски знак Дже - Д 50
245 10 - Сведения за заглавието
Заглавие Абсолютното доказателство
Подзаглавни данни Роман
Редно поле (дума) Питър Джеймс; прев. Боряна Даракчиева
260 ## - Област на издателските данни
Име на издателя, разпространителя и проч. Pro Book
Година на издаване 2019
Място на издаване, разпространение и проч. София
300 ## - Физическа характеристика
Страници 608 с.
Размери/Мащаб 21 см
380 ## - Жанр
Жанр Худож. лит.
500 ## - Общи забележки
Забележка Ориг. загл., установено от доп. източник: Absolute proof / Peter James
700 ## - Други автори (авторска отговорност)
Лично име Даракчиева, Боряна Неделчева
Автороска отговорност (Описва отношението между автора и произведението) прев.
9 (RLIN) 368058
852 ## - Местоположение
Форматна сигнатура Цб 319162
856 4# - Електронен адрес и достъп
Електронен формат pdf - файл
856 4# - Електронен адрес и достъп
Електронен формат pdf - файл
942 ## - АРТИКУЛИ
Вид на библиотечния материал Книги
Скрит в OPAC Не
Koha issues (borrowed), all copies 25
999 ## - СИСТЕМНИ КОНТРОЛНИ НОМЕРА
Koha biblionumber 493570
Koha biblioitemnumber 493570
999 ## - СИСТЕМНИ КОНТРОЛНИ НОМЕРА
Koha biblioitemnumber 148689
944 ## - СЪЗДАВАНЕ И РЕДАКЦИЯ на ЗАПИСА
Създаване/Редакция
Дата на регистрацията/редакция Нора Радева
Служител, извършил регистрацията/редакцията 30545
Статус, дата на статуса Нора Радева
Наличности
Код за отписване Код за изгубен артикул Източник на класификационната схема Код за повреда Коз за рестрикции Код за отдаване Артикулен № Име на библиотеката - собственик Име на библиотеката, в която се намира в момента Статус (Текущо местоположение) Дата на вписване в системата Местоположение - отдел Цена в лева Инвентарен номер Систематично азбучна сигнатура Баркод Цена в евро Служебен тип на артикула
  Не е изгубен Universal Decimal Classification Не е повреден само за читалня ползва се в читалня 932124 Регионална библиотека "Любен Каравелов" Русе Регионална библиотека "Любен Каравелов" Русе Хранилище 2023-08-09 Хранилище 24.00 120000891326 Цб 319162 120000891326 12.27 Книги
Vip Innovations Ltd, Rousse, Bulgaria 2025